[Event "Tenerife-chT Primera 1718"]
[Site "Tenerife"]
[Date "2018.01.20"]
[Round "7.3"]
[White "Plasencia Garcia, Juan Carlos"]
[Black "Glaeser, Hartmut"]
[Result "0-1"]
[WhiteElo "1682"]
[BlackElo "1733"]
[PlyCount "92"]
[EventDate "2017.11.11"]
[EventType "team-tourn"]
[EventRounds "14"]
[EventCountry "ESP"]
[SourceTitle "CBM 187 Extra"]
[Source "ChessBase"]
[SourceDate "2018.11.04"]
[SourceVersion "1"]
[SourceVersionDate "2018.11.04"]
[SourceQuality "1"]
[WhiteTeam "Ebano Casa Venezuela III"]
[BlackTeam "La Victoria 94 II"]
[WhiteTeamCountry "ESP"]
[BlackTeamCountry "ESP"]

1. e4 c5 2. f4 Nc6 3. Nf3 d6 4. Bc4 f5 5. 0-0 fxe4 6. Bxg8 Bg4 7. Bf7+ Kd7 8. h3 exf3 9. hxg4 fxg2 10. Kxg2 Kc7 11. Nc3 e5 12. Nd5+ Kb8 13. d3 Qd7 14. f5 Qxf7 15. c4 Ne7 16. Nc3 a6 17. Qa4 d5 18. Qd7 dxc4 19. Qd6+ Kc8 20. Bg5 Nc6 21. Qe6+ Qxe6 22. fxe6 h6 23. Be3 cxd3 24. Nd5 Kd8 25. Rf7 Be7 26. Raf1 b6 27. Rxg7 Ra7 28. Bxh6 Re8 29. Nxb6 Rb7 30. Nc4 Nd4 31. b3 Nxe6 32. Nd6 Nxg7 33. Nxb7+ Kc7 34. Bxg7 Kxb7 35. Bxe5 Kc6 36. Rf4 d2 37. Rf1 Bg5 38. Bc3 Rd8 39. Rd1 Rd6 40. Bb2 Bf4 41. Kf2 Kd5 42. Ke2 Ke4 43. Rg1 Re6 44. Kd1 Kd3 45. g5 Bxg5 46. Rf1 Bh4 0-1

[Event "Santa Cruz de Tenerife op 28th"]
[Site "Santa Cruz de Tenerife"]
[Date "2017.12.18"]
[Round "2"]
[White "Glaeser, Hartmut"]
[Black "Kraus, Oliver"]
[Result "0-1"]
[WhiteElo "1733"]
[BlackElo "2053"]
[PlyCount "115"]
[EventDate "2017.12.15"]
[EventType "swiss"]
[EventRounds "9"]
[EventCountry "ESP"]
[SourceTitle "CBM 182 Extra"]
[Source "ChessBase"]
[SourceDate "2018.02.23"]
[SourceVersion "1"]
[SourceVersionDate "2018.02.23"]
[SourceQuality "1"]

1. b4 Nf6 2. b5 g6 3. Bb2 Bg7 4. c4 0-0 5. Nf3 d6 6. e3 e5 7. Be2 c6 8. a4 Re8 9. Nc3 Nbd7 10. 0-0 e4 11. Nd4 Ne5 12. d3 c5 13. Nb3 Be6 14. Qc2 exd3 15. Bxd3 Nxc4 16. Bxc4 Bxc4 17. Rfd1 Qe7 18. Na5 Be6 19. Ne4 Nxe4 20. Bxg7 Kxg7 21. Qxe4 Rab8 22. Rd2 Qc7 23. Nc4 d5 24. Qe5+ Qxe5 25. Nxe5 f6 26. Nd3 Rbc8 27. Nf4 c4 28. Nxe6+ Rxe6 29. Rxd5 c3 30. Rc1 Re4 31. Rd4 Rxd4 32. exd4 Kf7 33. Kf1 Ke6 34. Ke2 Kd5 35. Kd3 Rc4 36. Rxc3 Rxd4+ 37. Ke3 Re4+ 38. Kf3 Re7 39. g3 Kd4 40. Rc1 h6 41. h4 Kd3 42. g4 Kd2 43. Rc4 Rd7 44. Re4 Kd3 45. Re6 Rf7 46. Kg3 Kd4 47. f4 Kd5 48. Re8 Kc5 49. Rg8 g5 50. fxg5 fxg5 51. hxg5 hxg5 52. Rxg5+ Kb4 53. Rf5 Rd7 54. Rf4+ Kc5 55. g5 Kd5 56. Kg4 Ke5 57. Rc4 Rd1 58. Rc7 0-1

[Event "Tenerife-chT Primera 1617"]
[Site "Tenerife"]
[Date "2017.02.04"]
[Round "6.2"]
[White "Hernandez Perez, Javier"]
[Black "Glaeser, Hartmut"]
[Result "0-1"]
[WhiteElo "1591"]
[BlackElo "1741"]
[PlyCount "120"]
[EventDate "2016.12.10"]
[EventType "team-tourn"]
[EventRounds "14"]
[EventCountry "ESP"]
[SourceTitle "CBM 176 Extra"]
[Source "ChessBase"]
[SourceDate "2017.03.02"]
[SourceVersion "1"]
[SourceVersionDate "2017.03.02"]
[SourceQuality "1"]
[WhiteTeam "Benito"]
[BlackTeam "La Victoria 94"]
[WhiteTeamCountry "ESP"]
[BlackTeamCountry "ESP"]

1. d4 f5 2. Bg5 d5 3. Nf3 h6 4. Bd2 Nf6 5. e3 e6 6. c4 Nc6 7. a3 Be7 8. b4 a6 9. Nc3 0-0 10. Bd3 Bd7 11. cxd5 exd5 12. 0-0 Be6 13. Qc2 Ne4 14. Na4 Qd7 15. Rfe1 Rac8 16. b5 Nb8 17. Ne5 Qe8 18. Nc5 Bxc5 19. dxc5 axb5 20. f3 Nxd2 21. Qxd2 c6 22. f4 Nd7 23. Nxd7 Qxd7 24. Qc3 Ra8 25. Bc2 Rfd8 26. Red1 Qc7 27. Qd4 Ra6 28. a4 bxa4 29. Rxa4 Rxa4 30. Qxa4 Qe7 31. Qd4 Kf7 32. e4 g6 33. exf5 Bxf5 34. Bxf5 gxf5 35. h3 Qf6 36. Qf2 Re8 37. Rb1 Re7 38. Qb2 Re1+ 39. Kh2 Qxb2 40. Rxb2 Re7 41. g4 Kf6 42. Kg3 d4 43. Rd2 Rd7 44. h4 fxg4 45. Kxg4 Rd5 46. Rd3 h5+ 47. Kf3 Kf5 48. Rb3 Rxc5 49. Rxb7 Rc3+ 50. Ke2 Kxf4 51. Rf7+ Kg4 52. Kd2 c5 53. Rg7+ Kxh4 54. Ke2 Kh3 55. Rg1 h4 56. Rg5 Kh2 57. Rg4 h3 58. Rg5 c4 59. Rg4 Rc2+ 60. Kd1 d3 0-1

[Event "Tenerife-chT Primera 1516"]
[Site "Tenerife"]
[Date "2016.03.05"]
[Round "9.2"]
[White "Gonzalez de Armas, Marcial"]
[Black "Glaeser, Hartmut"]
[Result "0-1"]
[WhiteElo "1364"]
[BlackElo "1746"]
[PlyCount "64"]
[EventDate "2015.12.12"]
[EventType "team-tourn"]
[EventRounds "14"]
[EventCountry "ESP"]
[SourceTitle "EXT 2017"]
[Source "ChessBase"]
[SourceDate "2016.10.25"]
[SourceVersion "1"]
[SourceVersionDate "2016.10.25"]
[SourceQuality "1"]
[WhiteTeam "Laguna Cotelec II"]
[BlackTeam "La Victoria 94"]
[WhiteTeamCountry "ESP"]
[BlackTeamCountry "ESP"]

1. c4 f5 2. Nc3 Nf6 3. g3 e6 4. Bg2 Be7 5. e3 0-0 6. Nge2 a6 7. 0-0 Nc6 8. a3 Ne5 9. d3 c6 10. b4 d5 11. cxd5 exd5 12. Nd4 c5 13. bxc5 Bxc5 14. Nf3 Nc6 15. d4 Bb6 16. Ne5 Ne4 17. Nxe4 fxe4 18. Nxc6 bxc6 19. Bd2 a5 20. Qb3 Ba6 21. Rfc1 Bc4 22. Qd1 Qf6 23. Be1 Bd3 24. Bf1 Bxf1 25. Kxf1 a4 26. Qc2 Rfc8 27. Bb4 h5 28. Qe2 g6 29. Rc3 c5 30. Bxc5 Bxc5 31. Rxc5 Rxc5 32. dxc5 Qxa1+ 0-1

[Event "Karl Mala Memorial op-B 17th"]
[Site "Frankfurt"]
[Date "2014.08.02"]
[Round "4"]
[White "Glaeser, Hartmut"]
[Black "Schilay, Maria"]
[Result "1-0"]
[WhiteElo "1771"]
[BlackElo "1209"]
[PlyCount "93"]
[EventDate "2014.07.31"]
[EventType "swiss"]
[EventRounds "7"]
[EventCountry "GER"]
[SourceTitle "EXT 2015"]
[Source "ChessBase"]
[SourceDate "2014.11.20"]
[SourceVersion "1"]
[SourceVersionDate "2014.11.20"]
[SourceQuality "1"]

1. b4 e5 2. b5 Nf6 3. Bb2 d6 4. c4 Be7 5. Nf3 Be6 6. e3 Nbd7 7. Be2 Nc5 8. 0-0 0-0 9. h3 Nfe4 10. d4 Nd7 11. dxe5 Nxe5 12. Bxe5 dxe5 13. Qxd8 Raxd8 14. Nxe5 Bd6 15. Nf3 f5 16. Nd4 Bd7 17. Rc1 f4 18. Bf3 Nc5 19. Bd5+ Kh8 20. e4 Be5 21. Rd1 c6 22. bxc6 bxc6 23. f3 cxd5 24. cxd5 Ba4 25. Rd2 Rb8 26. Nc3 Rb4 27. Nce2 Rfb8 28. Rc1 Bxd4+ 29. Nxd4 Rxd4 30. Rxd4 Rc8 31. Rxa4 h6 32. Rac4 Kg8 33. d6 Rd8 34. Rxc5 Rxd6 35. Rc8+ Kh7 36. R1c7 Rd1+ 37. Kh2 a6 38. Ra8 Rd6 39. Raa7 Rg6 40. Rf7 Kg8 41. Rxf4 h5 42. e5 Re6 43. Ra8+ Kh7 44. Re4 Kg6 45. g4 hxg4 46. Rxg4+ Kh6 47. Rh8# 1-0

[Event "Karl Mala Memorial op-B 17th"]
[Site "Frankfurt"]
[Date "2014.08.01"]
[Round "3"]
[White "Papadopoulos, Leon"]
[Black "Glaeser, Hartmut"]
[Result "0-1"]
[WhiteElo "932"]
[BlackElo "1771"]
[PlyCount "108"]
[EventDate "2014.07.31"]
[EventType "swiss"]
[EventRounds "7"]
[EventCountry "GER"]
[SourceTitle "EXT 2015"]
[Source "ChessBase"]
[SourceDate "2014.11.20"]
[SourceVersion "1"]
[SourceVersionDate "2014.11.20"]
[SourceQuality "1"]

1. e4 c5 2. Nf3 Nc6 3. d4 cxd4 4. Nxd4 e5 5. Nxc6 bxc6 6. Nc3 Bc5 7. Bc4 Nf6 8. 0-0 d6 9. Re1 0-0 10. Bg5 h6 11. Bh4 Be6 12. Bxf6 Qxf6 13. Bxe6 Qxf2+ 14. Kh1 fxe6 15. Rf1 Qxf1+ 16. Qxf1 Rxf1+ 17. Rxf1 Rb8 18. Na4 Bb6 19. Rd1 Rf8 20. g3 d5 21. exd5 exd5 22. Nxb6 axb6 23. c4 dxc4 24. Rd6 Rc8 25. Re6 Kf7 26. Rxe5 Kf6 27. Re4 b5 28. Kg2 g5 29. Kf3 Rd8 30. Re3 Kf5 31. g4+ Kf6 32. Kg3 Rd2 33. Rf3+ Ke6 34. Re3+ Kd5 35. Re8 Rxb2 36. Rd8+ Kc5 37. h4 Rxa2 38. hxg5 hxg5 39. Rg8 Ra3+ 40. Kf2 c3 41. Ke2 Kd4 42. Kd1 Kd3 43. Ke1 Ke3 44. Kd1 b4 45. Kc2 Ra2+ 46. Kb3 Rb2+ 47. Kc4 c2 48. Kc5 c1Q+ 49. Kd6 Rd2+ 50. Ke6 Qc4+ 51. Kf6 Qf4+ 52. Kg6 Rd6+ 53. Kh5 Kf3 54. Rxg5 Qh2# 0-1

[Event "Karl Mala Memorial op-B 16th"]
[Site "Frankfurt"]
[Date "2013.07.14"]
[Round "7"]
[White "Glaeser, Hartmut"]
[Black "Groetzinger, Waldemar"]
[Result "1-0"]
[WhiteElo "1797"]
[BlackElo "1697"]
[PlyCount "119"]
[EventDate "2013.07.11"]
[EventType "swiss"]
[EventRounds "7"]
[EventCountry "GER"]
[SourceTitle "CBM 155 Extra"]
[Source "ChessBase"]
[SourceDate "2013.08.26"]
[SourceVersion "1"]
[SourceVersionDate "2013.08.26"]
[SourceQuality "1"]

1. b4 b6 2. b5 a6 3. c4 axb5 4. cxb5 e6 5. Bb2 Nf6 6. e3 Bb7 7. Nf3 Be7 8. Be2 0-0 9. 0-0 Ne4 10. a4 Bf6 11. d4 c6 12. Qc2 Ng5 13. Nbd2 cxb5 14. axb5 d6 15. Nxg5 Bxg5 16. f4 Bf6 17. Bd3 g6 18. Rxa8 Bxa8 19. Be4 Bxe4 20. Nxe4 Be7 21. Rc1 d5 22. Nd2 Qd7 23. Qb3 Rc8 24. Nf3 Rxc1+ 25. Bxc1 Qc7 26. Bd2 Nd7 27. Qa4 Nf6 28. Qa8+ Kg7 29. Qc6 Qxc6 30. bxc6 Bd6 31. Ne5 Bxe5 32. fxe5 Ne8 33. Bb4 f6 34. Bd6 b5 35. c7 Nxc7 36. Bxc7 b4 37. exf6+ Kxf6 38. Ba5 b3 39. Bc3 Kf5 40. Kf2 Ke4 41. Ke2 h5 42. h4 Kf5 43. Kf3 g5 44. hxg5 Kxg5 45. g3 Kf5 46. Bb2 Kg5 47. Ba3 Kf5 48. Bc1 e5 49. dxe5 Kxe5 50. Bb2+ Kf5 51. Bd4 Kg5 52. Bb2 Kf5 53. Bc1 Ke5 54. Ke2 Ke4 55. Bb2 Kf5 56. Kd3 Kg4 57. Be5 h4 58. gxh4 Kxh4 59. Kc3 Kg4 60. Kxb3 1-0

[Event "GER-ch Seniors 23rd"]
[Site "Halle"]
[Date "2011.08.12"]
[Round "8"]
[White "Thieme, Hans"]
[Black "Glaeser, Hartmut"]
[Result "1-0"]
[WhiteElo "2107"]
[BlackElo "1677"]
[PlyCount "60"]
[EventDate "2011.08.05"]
[EventType "swiss"]
[EventRounds "9"]
[EventCountry "GER"]
[SourceTitle "CBM 144 Extra"]
[Source "ChessBase"]
[SourceDate "2011.10.28"]
[SourceVersion "1"]
[SourceVersionDate "2011.10.28"]
[SourceQuality "1"]

1. e4 c5 2. Nf3 Nc6 3. Bb5 d6 4. 0-0 Bd7 5. c3 e5 6. d4 cxd4 7. cxd4 Nxd4 8. Bxd7+ Qxd7 9. Nxd4 exd4 10. Qxd4 Nf6 11. Nc3 Be7 12. h3 0-0 13. Rd1 Qc6 14. Be3 b6 15. Rac1 Rfd8 16. Nd5 Qd7 17. Rc7 Qb5 18. Nxe7+ Kh8 19. Nf5 Qe5 20. Nxd6 Qxd4 21. Rxd4 Kg8 22. f3 Ne8 23. Nxe8 Rxd4 24. Bxd4 Rxe8 25. Rxa7 f6 26. Bxb6 Re6 27. Bc5 g5 28. b4 h5 29. Rc7 Ra6 30. b5 Rxa2 1-0

[Event "GER-ch Seniors 23rd"]
[Site "Halle"]
[Date "2011.08.09"]
[Round "5"]
[White "Glaeser, Hartmut"]
[Black "Schirmer, Werner"]
[Result "1/2-1/2"]
[WhiteElo "1677"]
[BlackElo "2033"]
[PlyCount "42"]
[EventDate "2011.08.05"]
[EventType "swiss"]
[EventRounds "9"]
[EventCountry "GER"]
[SourceTitle "CBM 144 Extra"]
[Source "ChessBase"]
[SourceDate "2011.10.28"]
[SourceVersion "1"]
[SourceVersionDate "2011.10.28"]
[SourceQuality "1"]

1. b4 e6 2. Bb2 Nf6 3. b5 Be7 4. e3 0-0 5. Nf3 d5 6. c4 c6 7. a4 Nbd7 8. Nc3 a6 9. d4 dxc4 10. Bxc4 Nb6 11. Be2 Nbd5 12. 0-0 axb5 13. axb5 Bd7 14. Qb3 Nxc3 15. Bxc3 Nd5 16. Bb2 Qb6 17. Ne5 Nf6 18. Nxd7 Nxd7 19. Bc4 cxb5 20. Qxb5 Qxb5 21. Bxb5 Nb6 1/2-1/2

[Event "GER-ch Seniors 23rd"]
[Site "Halle"]
[Date "2011.08.05"]
[Round "1"]
[White "Glaeser, Hartmut"]
[Black "Schulz, Wolfgang"]
[Result "0-1"]
[WhiteElo "1677"]
[BlackElo "2145"]
[PlyCount "101"]
[EventDate "2011.08.05"]
[EventType "swiss"]
[EventRounds "9"]
[EventCountry "GER"]
[SourceTitle "CBM 144 Extra"]
[Source "ChessBase"]
[SourceDate "2011.10.28"]
[SourceVersion "1"]
[SourceVersionDate "2011.10.28"]
[SourceQuality "1"]

1. b4 e5 2. b5 g6 3. Bb2 Bg7 4. Nf3 d6 5. e3 Nf6 6. c4 0-0 7. Be2 Nbd7 8. 0-0 Re8 9. d4 Ne4 10. Nbd2 Nxd2 11. Nxd2 e4 12. Qc2 Qe7 13. a4 h5 14. Rfe1 Nf8 15. f3 exf3 16. Bxf3 Ne6 17. a5 Rb8 18. Rac1 Bd7 19. Qd3 c5 20. Nb3 f5 21. Ba3 b6 22. Bd5 Kh7 23. dxc5 dxc5 24. g3 Rbd8 25. Qc2 Ng5 26. axb6 axb6 27. Nd2 Be6 28. h4 Bxd5 29. cxd5 Ne4 30. Nxe4 Qxe4 31. Qxe4 Rxe4 32. Rcd1 Re5 33. d6 Rd7 34. Rd3 Re6 35. Red1 Be5 36. Kf2 Rexd6 37. Rxd6 Rxd6 38. Rxd6 Bxd6 39. Kf3 Kg8 40. Bb2 Kf7 41. Bc3 Ke6 42. Be1 Kd5 43. Bf2 Be5 44. Be1 c4 45. Ke2 Kc5 46. e4 Kxb5 47. exf5 gxf5 48. Ke3 Kc5 49. Kf3 b5 50. Bd2 c3 51. Be1 0-1